Elements of the Periodic Table - Statistics

General Stats
  • This quiz has been taken 10 times
  • The average score is 85 of 118
Answer Stats
Atomic Number Name % Correct
32 Germanium
100%
79 Gold
100%
2 Helium
100%
1 Hydrogen
100%
2 Lithium
100%
8 Oxygen
100%
47 Silver
100%
92 Uranium
100%
5 Boron
89%
35 Bromine
89%
6 Carbon
89%
29 Copper
89%
99 Einsteinium
89%
9 Fluorine
89%
87 Francium
89%
53 Iodine
89%
36 Krypton
89%
12 Magnesium
89%
10 Neon
89%
7 Nitrogen
89%
15 Phosphorus
89%
84 Polonium
89%
19 Potassium
89%
86 Radon
89%
45 Rhodium
89%
11 Sodium
89%
50 Tin
89%
22 Titanium
89%
39 Yttrium
89%
30 Zinc
89%
13 Aluminium
78%
18 Argon
78%
33 Arsenic
78%
55 Caesium
78%
20 Calcium
78%
17 Chlorine
78%
24 Chromium
78%
27 Cobalt
78%
96 Curium
78%
64 Gadolinium
78%
31 Gallium
78%
77 Iridium
78%
26 Iron
78%
25 Manganese
78%
101 Mendelevium
78%
80 Mercury
78%
115 Moscovium
78%
102 Nobelium
78%
118 Oganesson
78%
88 Radium
78%
44 Ruthenium
78%
106 Seaborgium
78%
34 Selenium
78%
38 Strontium
78%
16 Sulfur
78%
81 Thallium
78%
74 Tungsten
78%
54 Xenon
78%
40 Zirconium
78%
89 Actinium
67%
95 Americium
67%
51 Antimony
67%
85 Astatine
67%
56 Barium
67%
83 Bismuth
67%
48 Cadmium
67%
98 Californium
67%
110 Darmstadtium
67%
105 Dubnium
67%
100 Fermium
67%
57 Lanthanum
67%
82 Lead
67%
116 Livermorium
67%
93 Neptunium
67%
28 Nickel
67%
46 Palladium
67%
94 Plutonium
67%
91 Protactinium
67%
37 Rubidium
67%
104 Rutherfordium
67%
73 Tantalum
67%
52 Tellurium
67%
117 Tennessine
67%
90 Thorium
67%
69 Thulium
67%
23 Vanadium
67%
97 Berkelium
56%
4 Beryllium
56%
107 Bohrium
56%
112 Copernicium
56%
68 Erbium
56%
63 Europium
56%
72 Hafnium
56%
108 Hassium
56%
67 Holmium
56%
49 Indium
56%
103 Lawrencium
56%
109 Meitnerium
56%
42 Molybdenum
56%
60 Neodymium
56%
76 Osmium
56%
59 Praseodymium
56%
61 Promethium
56%
75 Rhenium
56%
111 Roentgenium
56%
21 Scandium
56%
14 Silicon
56%
43 Technetium
56%
70 Ytterbium
56%
58 Cerium
44%
114 Flerovium
44%
71 Lutetium
44%
113 Nihonium
44%
41 Niobium
44%
62 Samarium
44%
65 Terbium
44%
66 Dysprosium
33%
78 Platinium
33%
No matching quizzes found
Score Distribution
Percent of People with Each Score
Percentile by Number Answered
Your Score History
You have not taken this quiz